Fútbol
保存先:
| 主要な著者: | , |
|---|---|
| フォーマット: | 図書 |
| 言語: | スペイン語 |
| 出版事項: |
Barcelona
Eds. Martínez Roca
1988
|
| シリーズ: | Colección Deportes
|
| 主題: | |
| タグ: |
タグ追加
タグなし, このレコードへの初めてのタグを付けませんか!
|
MARC
| LEADER | 00000nam a2200000 a 4500 | ||
|---|---|---|---|
| 001 | UCW7765 | ||
| 003 | CL-VaPUC | ||
| 008 | 930824e19880000SP |||||||||||||||||spa|d | ||
| 082 | 0 | 4 | |a 796.334 |b BAU |2 21 |
| 100 | 0 | |a Bauer, Gerhard |e author |9 312975 | |
| 700 | 0 | |a Ueberle, Heiner |e author |9 312976 | |
| 245 | 1 | 0 | |a Fútbol |
| 300 | |a 207 p | ||
| 942 | |c BK | ||
| 945 | |d 19930824 00:00:00 | ||
| 260 | |a Barcelona |b Eds. Martínez Roca |c 1988 | ||
| 650 | 0 | |a Fútbol |9 307513 | |
| 583 | |a last modification |c 19930824 00:00:00 |k Rodrigo Vera | ||
| 490 | 0 | |a Colección Deportes | |
| 999 | |c 220427 |d 220425 | ||
| 952 | |0 0 |1 0 |4 0 |6 796_334000000000000_BAU_1988 |7 0 |8 A |9 212635 |a BIBEDU |b BIBEDU |d 2019-11-15 |i 2808188 |l 3 |o 796.334 BAU 1988 |p 2808188 |r 2023-05-08 |s 2023-05-02 |w 2019-11-15 |y BK |k EDU | ||